[Event "II. CLANSKA LIGA ZAHOD 2023"]
[Site "Komenda"]
[Date "2023.11.18"]
[Round "3.1"]
[White "Pretnar, Bostjan"]
[Black "Marchesich, Giovanni"]
[Result "0-1"]
[WhiteElo "1720"]
[BlackElo "2197"]
[PlyCount "54"]
[EventDate "2023.11.18"]
[WhiteTeam "SD RADOVLJICA"]
[BlackTeam "SD PIRAN"]

1. d4 Nf6 2. Bf4 g6 3. e3 Bg7 4. h4 c5 5. c3 Qb6 6. Qb3 O-O 7. Nd2 d6 8. Be2
Be6 9. dxc5 Qxc5 10. Qb5 Nbd7 11. Nb3 Qxb5 12. Bxb5 a6 13. Be2 Nd5 14. Rd1 Nxf4
15. exf4 Nc5 16. Nxc5 dxc5 17. a3 Rfd8 18. Nf3 Rxd1+ 19. Bxd1 b5 20. Ne5 Rd8
21. Bc2 Bh6 22. g3 f6 23. Nf3 Bd5 24. Ke2 Bc4+ 25. Ke3 e5 26. Rd1 exf4+ 27.
gxf4 Re8+ 0-1

[Event "II. CLANSKA LIGA ZAHOD 2023"]
[Site "Komenda"]
[Date "2023.11.18"]
[Round "3.2"]
[White "Bulic, Josip"]
[Black "Prestrl, Jozef"]
[Result "1-0"]
[WhiteElo "2236"]
[BlackElo "1797"]
[PlyCount "43"]
[EventDate "2023.11.18"]
[WhiteTeam "SD PIRAN"]
[BlackTeam "SD RADOVLJICA"]

1. d4 d5 2. c4 Nf6 3. Nc3 e6 4. Bg5 Be7 5. e3 O-O 6. Nf3 b6 7. cxd5 exd5 8. Bd3
h6 9. Bh4 Bg4 10. h3 Be6 11. Ne5 Nfd7 12. Bg3 Nxe5 13. dxe5 g6 14. O-O Qd7 15.
Rc1 c6 16. Ne2 Bf5 17. Bxf5 Qxf5 18. Nd4 Qd7 19. e6 fxe6 20. Qg4 Kh7 21. Nxe6
Rf6 22. Nc7 1-0

[Event "II. CLANSKA LIGA ZAHOD 2023"]
[Site "Komenda"]
[Date "2023.11.18"]
[Round "3.3"]
[White "Krivec, Metod"]
[Black "Suc, Timothy"]
[Result "1/2-1/2"]
[WhiteElo "1773"]
[BlackElo "2030"]
[PlyCount "85"]
[EventDate "2023.11.18"]
[WhiteTeam "SD RADOVLJICA"]
[BlackTeam "SD PIRAN"]

1. d4 d5 2. c4 e6 3. Nf3 a6 4. e3 Nf6 5. Qc2 b6 6. b3 Nbd7 7. Nc3 Bd6 8. cxd5
Nxd5 9. Nxd5 exd5 10. Qc6 Rb8 11. Qxd5 O-O 12. Qc4 Bb7 13. Be2 c5 14. O-O b5
15. Qd3 Re8 16. Bb2 Qe7 17. Rfd1 c4 18. Qd2 Nb6 19. bxc4 Nxc4 20. Bxc4 Bxf3 21.
gxf3 bxc4 22. Kf1 Bxh2 23. Ke2 Bf4 24. Bc3 Rbd8 25. Rab1 Rd5 26. Rb4 Rc8 27.
Rdb1 h5 28. Qc2 Rd7 29. e4 h4 30. Rh1 Rxd4 31. Rxh4 Qxh4 32. Bxd4 Qd8 33. Qc3
g6 34. Rxc4 Rxc4 35. Qxc4 Qa8 36. Qc3 Bh6 37. Bf6 Bf8 38. Bd4 Qb8 39. Ke3 Bh6+
40. Kd3 Qb1+ 41. Qc2 Qb5+ 42. Qc4 Qb1+ 43. Qc2 1/2-1/2

[Event "II. CLANSKA LIGA ZAHOD 2023"]
[Site "Komenda"]
[Date "2023.11.18"]
[Round "3.4"]
[White "Debevec, Katarina"]
[Black "Torkar, Boris"]
[Result "0-1"]
[WhiteElo "1335"]
[BlackElo "1783"]
[PlyCount "84"]
[EventDate "2023.11.18"]
[WhiteTeam "SD PIRAN"]
[BlackTeam "SD RADOVLJICA"]

1. d4 d5 2. c4 c6 3. Nc3 e6 4. e3 Nf6 5. Nf3 Bd6 6. Be2 O-O 7. O-O Nbd7 8. Qc2
b6 9. a3 Bb7 10. b3 Rc8 11. Qb2 Re8 12. Re1 Nf8 13. Ne5 Ng6 14. f4 Bb8 15. b4
Nh4 16. c5 b5 17. Qc2 Nd7 18. Bd3 f5 19. Qf2 Nxe5 20. fxe5 Rf8 21. Ne2 Ng6 22.
Nf4 Nxf4 23. exf4 a6 24. Re3 Bc7 25. Rg3 Qe7 26. Be2 Ra8 27. Bd2 Qf7 28. Rh3
Qe7 29. Rb1 Kh8 30. Bh5 Kg8 31. Rbb3 Bc8 32. Rbg3 Kh8 33. Bg6 h6 34. Qf3 Bd7
35. Rxh6+ gxh6 36. Qh5 Qg7 37. Rh3 Rad8 38. Be1 Rg8 39. Bh4 Qxg6 40. Bf6+ Kh7
41. Bg5 Qxh5 42. Rxh5 Rg6 0-1

[Event "II. CLANSKA LIGA ZAHOD 2023"]
[Site "Komenda"]
[Date "2023.11.18"]
[Round "3.5"]
[White "Sandic, Jovica"]
[Black "Stih, Metka"]
[Result "1-0"]
[WhiteElo "1743"]
[BlackElo "1403"]
[PlyCount "120"]
[EventDate "2023.11.18"]
[WhiteTeam "SD RADOVLJICA"]
[BlackTeam "SD PIRAN"]

1. Nf3 d5 2. d4 f6 3. g3 Be6 4. Bg2 Nc6 5. c3 g5 6. Nbd2 Nh6 7. Nb3 b6 8. a4 a5
9. O-O Qd6 10. Re1 Rg8 11. Nfd2 O-O-O 12. e4 Bg4 13. Bf3 Qe6 14. exd5 Qxd5 15.
Bxg4+ Nxg4 16. Qxg4+ Kb8 17. Qe6 Rg6 18. Qxd5 Rxd5 19. Nc4 f5 20. Ne5 Nxe5 21.
Rxe5 Rgd6 22. Rxd5 Rxd5 23. Bxg5 h6 24. Bf4 h5 25. Nd2 Bg7 26. Nc4 Kb7 27. Ne3
Rd7 28. Nxf5 Bf6 29. Re1 Ka6 30. Ne3 c6 31. Ra1 e6 32. Nc4 Rg7 33. Be5 Rf7 34.
Bxf6 Rxf6 35. Ne5 c5 36. dxc5 bxc5 37. Nd7 Rf5 38. Re1 Rd5 39. Rxe6+ Kb7 40.
Nf6 Rf5 41. Ne8 Rg5 42. Nd6+ Kc7 43. Ne4 Rf5 44. Ra6 c4 45. Ra7+ Kb6 46. Rh7
Re5 47. f3 Rd5 48. Rh6+ Kc7 49. Kf2 Kb7 50. Ke3 Kc7 51. Nf6 Re5+ 52. Kf4 Re2
53. Rxh5 Rxb2 54. Rc5+ Kd6 55. Rxc4 Ra2 56. Ne4+ Kd7 57. h4 Ke7 58. h5 Rh2 59.
g4 Kf7 60. Rc5 Ra2 1-0

[Event "II. CLANSKA LIGA ZAHOD 2023"]
[Site "Komenda"]
[Date "2023.11.18"]
[Round "3.6"]
[White "Goja, Matias"]
[Black "Bec, Alojz"]
[Result "0-1"]
[WhiteElo "1575"]
[BlackElo "1853"]
[PlyCount "100"]
[EventDate "2023.11.18"]
[WhiteTeam "SD PIRAN"]
[BlackTeam "SD RADOVLJICA"]

1. e4 c5 2. Nf3 Nc6 3. Bc4 d6 4. O-O e6 5. c3 Be7 6. d3 Nf6 7. Be3 O-O 8. Qc2
Na5 9. Nbd2 Nxc4 10. Nxc4 b5 11. Ncd2 Bb7 12. Rad1 Qc7 13. Rfe1 h6 14. a3 a6
15. b4 cxb4 16. axb4 Rac8 17. Rc1 Nd7 18. d4 d5 19. e5 Bxb4 20. Nb1 Be7 21. h3
Nb6 22. Nh2 Na4 23. Ng4 h5 24. Nh6+ gxh6 25. Bxh6 Qd8 26. Qd3 f5 27. Qg3+ Kf7
28. Qg7+ Ke8 29. Qg6+ Kd7 30. Bxf8 Qxf8 31. Qxh5 Qg7 32. f4 Rh8 33. Qf3 Bh4 34.
Rf1 Bd8 35. Qd1 Rxh3 36. Rf3 Rh4 37. Qb3 Qh6 38. Qa3 Be7 39. Qb3 Rh1+ 40. Kf2
Rxc1 41. Rh3 Qg7 42. Nd2 Qg4 43. Rf3 Bh4+ 44. g3 Be7 45. Qa2 Nb6 46. Kg2 Qh5
47. Nf1 Nc4 48. Nd2 Qh1+ 49. Kf2 Qe1+ 50. Kg2 Qxd2+ 0-1

[Event "II. CLANSKA LIGA ZAHOD 2023"]
[Site "Komenda"]
[Date "2023.11.18"]
[Round "3.1"]
[White "Bratovic, Blaz"]
[Black "Zamar Kodelja, Jurij"]
[Result "1/2-1/2"]
[WhiteElo "2350"]
[BlackElo "2245"]
[PlyCount "67"]
[EventDate "2023.11.18"]
[WhiteTeam "SD GORENJKA LESCE"]
[BlackTeam "SK NOVA GORICA"]

1. d4 d5 2. c4 c6 3. Nf3 Nf6 4. g3 Bf5 5. Bg2 e6 6. O-O h6 7. Nc3 Nbd7 8. Nd2
Be7 9. e4 dxe4 10. Ndxe4 O-O 11. h3 Nxe4 12. Nxe4 Nf6 13. Nxf6+ Bxf6 14. Be3
Rc8 15. Qb3 Rc7 16. Rfd1 Rd7 17. g4 Bg6 18. d5 exd5 19. cxd5 cxd5 20. Rxd5 b6
21. Rxd7 Qxd7 22. Rd1 Qc7 23. Rc1 Qe7 24. Qa3 Qxa3 25. bxa3 Re8 26. Rc7 Re7 27.
Rc8+ Kh7 28. Ra8 Bg5 29. Bxg5 hxg5 30. Bd5 Rd7 31. Bc6 Rc7 32. Bd5 Rd7 33. Bc6
Rc7 34. Bd5 1/2-1/2

[Event "II. CLANSKA LIGA ZAHOD 2023"]
[Site "Komenda"]
[Date "2023.11.18"]
[Round "3.2"]
[White "Herega, Nejc"]
[Black "Mencinger, Vojko"]
[Result "0-1"]
[WhiteElo "2236"]
[BlackElo "2296"]
[PlyCount "114"]
[EventDate "2023.11.18"]
[WhiteTeam "SK NOVA GORICA"]
[BlackTeam "SD GORENJKA LESCE"]

1. d4 d5 2. Nf3 Nf6 3. Bf4 c5 4. e3 Nc6 5. Nbd2 cxd4 6. exd4 Bf5 7. Bb5 Qb6 8.
c4 a6 9. Ba4 Qxb2 10. O-O b5 11. cxb5 axb5 12. Bb3 e6 13. Qe2 Qa3 14. Rfc1 Na7
15. Be5 Be7 16. Bxf6 gxf6 17. Nh4 Bg6 18. Rc7 Rd8 19. Nxg6 hxg6 20. g3 Bd6 21.
Rc2 O-O 22. Rac1 Qa5 23. Nf3 Ba3 24. Rd1 Qb6 25. h4 Kg7 26. Qe3 Bd6 27. Rdc1
Ba3 28. Rd1 Qd6 29. Nh2 Nc6 30. Ng4 Rh8 31. Kg2 Ne7 32. Qf3 Nf5 33. Ne3 Nxe3+
34. fxe3 f5 35. Rdd2 g5 36. hxg5 Qe7 37. g6 fxg6 38. Kg1 Bd6 39. Rg2 Rh3 40.
Kf2 g5 41. Qe2 Rb8 42. Rc6 g4 43. Qc2 Bxg3+ 44. Ke2 Bd6 45. Qc1 Rbh8 46. Kd3
Kf6 47. Rc8 Qb7 48. Rc6 Qd7 49. Rcc2 Bf4 50. Rce2 Rc8 51. Qf1 Qc7 52. Qa1 b4
53. Kd2 Bg5 54. Qb2 Bxe3+ 55. Rxe3 Qf4 56. Rge2 Rxe3 57. Rxe3 Rc3 0-1

[Event "II. CLANSKA LIGA ZAHOD 2023"]
[Site "Komenda"]
[Date "2023.11.18"]
[Round "3.3"]
[White "Pavlin, Damijan"]
[Black "Gregoric, Andraz"]
[Result "0-1"]
[WhiteElo "1926"]
[BlackElo "2171"]
[PlyCount "126"]
[EventDate "2023.11.18"]
[WhiteTeam "SD GORENJKA LESCE"]
[BlackTeam "SK NOVA GORICA"]

1. d4 Nf6 2. Nf3 e6 3. Bf4 d5 4. e3 Bd6 5. Bg3 c5 6. c3 Qc7 7. Nbd2 Nbd7 8. Bd3
O-O 9. O-O e5 10. dxe5 Nxe5 11. Nxe5 Bxe5 12. Bxe5 Qxe5 13. Nf3 Qh5 14. Be2 b6
15. a4 a5 16. Re1 Rd8 17. Qb3 Rb8 18. Rad1 Be6 19. Nd4 Bg4 20. h3 Bxe2 21. Nxe2
Qe5 22. Ng3 h5 23. Qc2 Re8 24. Qf5 g6 25. Qxe5 Rxe5 26. h4 Kf8 27. Rd2 Ne4 28.
Nxe4 Rxe4 29. Rxd5 Rxa4 30. g3 Ra2 31. Re2 a4 32. Red2 Rb7 33. c4 Ra1+ 34. Kg2
Rc1 35. Rd8+ Ke7 36. Ra8 Rxc4 37. Rdd8 Rb4 38. Rd2 Rd7 39. Rc2 Rd8 40. Ra7+ Rd7
41. Ra8 Kd6 42. Kf3 Kc6 43. Rf8 Kb5 44. e4 Rd3+ 45. Kf4 f5 46. Kg5 fxe4 47.
Kxg6 e3 48. fxe3 Rxe3 49. Rg2 Rg4+ 50. Kxh5 Rexg3 51. Rh2 Rg8 52. Rxg8 Rxg8 53.
Kh6 Kb4 54. h5 Kb3 55. Kh7 Rg4 56. Rf2 b5 57. h6 b4 58. Kh8 c4 59. h7 Rh4 60.
Kg7 a3 61. bxa3 Kxa3 62. h8=Q Rxh8 63. Kxh8 c3 0-1

[Event "II. CLANSKA LIGA ZAHOD 2023"]
[Site "Komenda"]
[Date "2023.11.18"]
[Round "3.4"]
[White "Markocic, Tine"]
[Black "Kocjancic, Luka"]
[Result "1-0"]
[WhiteElo "2059"]
[BlackElo "1288"]
[PlyCount "87"]
[EventDate "2023.11.18"]
[WhiteTeam "SK NOVA GORICA"]
[BlackTeam "SD GORENJKA LESCE"]

1. e4 e5 2. Bc4 Nf6 3. d3 Bc5 4. Nc3 d6 5. Na4 b6 6. Nxc5 bxc5 7. f4 exf4 8.
Bxf4 Nc6 9. Nf3 h6 10. Qd2 Rb8 11. O-O Nh5 12. Be3 Be6 13. Bb3 Qe7 14. Rae1 g5
15. Ba4 Bd7 16. Qc3 Rg8 17. d4 g4 18. Bxc6 Bxc6 19. Nd2 Bd7 20. e5 d5 21. e6
Bxe6 22. Bf4 Nxf4 23. Rxf4 c4 24. b3 cxb3 25. axb3 Qd6 26. Qe3 Kd7 27. Nf1 Rbe8
28. Qf2 h5 29. Ng3 h4 30. Nh5 Kc8 31. Nf6 g3 32. hxg3 hxg3 33. Qf3 Qb4 34. c3
Qf8 35. Nxg8 Qxg8 36. Re3 Qg6 37. Qxg3 Qb1+ 38. Rf1 Qxb3 39. Ra1 Qb6 40. Ree1
a5 41. Qd3 Rg8 42. Reb1 Qd6 43. Qb5 Rg3 44. Qe8+ 1-0

[Event "II. CLANSKA LIGA ZAHOD 2023"]
[Site "Komenda"]
[Date "2023.11.18"]
[Round "3.5"]
[White "Primozic, Lovro"]
[Black "Markocic, Spela"]
[Result "0-1"]
[WhiteElo "1354"]
[BlackElo "1810"]
[PlyCount "52"]
[EventDate "2023.11.18"]
[WhiteTeam "SD GORENJKA LESCE"]
[BlackTeam "SK NOVA GORICA"]

1. e4 c5 2. Nc3 Nc6 3. f4 g6 4. Bb5 Bg7 5. Nf3 d6 6. Bxc6+ bxc6 7. O-O Nf6 8.
d3 Bg4 9. h3 Bxf3 10. Qxf3 O-O 11. g4 Rb8 12. Ne2 Qc7 13. Ng3 Nd7 14. c3 Nb6
15. h4 Na4 16. Ne2 Nxb2 17. f5 Na4 18. d4 cxd4 19. cxd4 c5 20. Be3 cxd4 21.
Bxd4 Bxd4+ 22. Nxd4 Qc3 23. Qf2 Rb2 24. Ne2 Qc4 25. Rfe1 Nc3 26. Rac1 Nxe2+ 0-1

[Event "II. CLANSKA LIGA ZAHOD 2023"]
[Site "Komenda"]
[Date "2023.11.18"]
[Round "3.6"]
[White "Vicic, Mark"]
[Black "Kelbl, Jakob"]
[Result "1/2-1/2"]
[WhiteElo "1734"]
[BlackElo "1500"]
[PlyCount "118"]
[EventDate "2023.11.18"]
[WhiteTeam "SK NOVA GORICA"]
[BlackTeam "SD GORENJKA LESCE"]

1. b3 e5 2. Bb2 Nc6 3. e3 d5 4. Bb5 Bd6 5. Nf3 Qe7 6. c4 Nf6 7. O-O Bg4 8. h3
Bh5 9. cxd5 Nxd5 10. d3 O-O 11. Nbd2 Nb6 12. a3 f5 13. Qc2 Nd8 14. d4 e4 15.
Ne5 Qg5 16. Rae1 Nf7 17. Be2 Rae8 18. Bxh5 Qxh5 19. Ndc4 Re6 20. Nxd6 cxd6 21.
Nxf7 Rxf7 22. Qe2 Qxe2 23. Rxe2 Rc7 24. Rc1 Rxc1+ 25. Bxc1 d5 26. Rc2 Rc6 27.
Rc5 Kf7 28. Bd2 Ke6 29. Rxc6+ bxc6 30. Kh2 Nd7 31. Bb4 g6 32. Kg3 g5 33. Ba5 h6
34. Bc7 Nf6 35. h4 Nh5+ 36. Kh3 g4+ 37. Kh2 a6 38. Be5 Ke7 39. Kg1 Nf6 40. Kf1
h5 41. Bxf6+ Kxf6 42. b4 Ke6 43. Kg1 Kd7 44. Kh2 Kc7 45. Kg3 Kb6 46. a4 a5 47.
bxa5+ Kxa5 48. Kf4 Kxa4 49. Kxf5 Kb3 50. Kg5 Kc4 51. Kxh5 g3 52. fxg3 Kd3 53.
Kg4 Kxe3 54. h5 Kf2 55. h6 e3 56. h7 e2 57. h8=Q e1=Q 58. Qf6+ Kxg2 59. Qf3+
Kh2 1/2-1/2

[Event "II. CLANSKA LIGA ZAHOD 2023"]
[Site "Komenda"]
[Date "2023.11.18"]
[Round "3.1"]
[White "Cimperman, Teo"]
[Black "Trcek, Zdenko"]
[Result "1-0"]
[WhiteElo "1640"]
[BlackElo "1802"]
[PlyCount "50"]
[EventDate "2023.11.18"]
[WhiteTeam "SK KOMENDA"]
[BlackTeam "SD VRHNIKA"]

1. e4 c5 2. Nf3 Nc6 3. d4 cxd4 4. Nxd4 g6 5. c4 Bg7 6. Be3 Nf6 7. Nc3 O-O 8. f3
a6 9. Qd2 d6 10. g4 Bxg4 11. fxg4 Nxg4 12. Nxc6 bxc6 13. Be2 Nxe3 14. Qxe3 Rb8
15. O-O-O Qa5 16. Kc2 Rb7 17. Ra1 Rfb8 18. Rhb1 Qe5 19. Qg3 Qd4 20. b3 Qc5 21.
a3 a5 22. Ra2 Be5 23. Na4 Qd4 24. Qf3 Bxh2 25. Rab2 c5 1-0

[Event "II. CLANSKA LIGA ZAHOD 2023"]
[Site "Komenda"]
[Date "2023.11.18"]
[Round "3.2"]
[White "Markovic, Jelena"]
[Black "Babarovic, Fran"]
[Result "1/2-1/2"]
[WhiteElo "1607"]
[BlackElo "1653"]
[PlyCount "66"]
[EventDate "2023.11.18"]
[WhiteTeam "SD VRHNIKA"]
[BlackTeam "SK KOMENDA"]

1. d4 d5 2. e3 c6 3. f4 Nf6 4. Nf3 Nbd7 5. Bd3 e6 6. O-O Bd6 7. Ne5 Ne4 8. Nd2
f5 9. Qh5+ g6 10. Nxg6 Ndf6 11. Qh6 Rg8 12. Ne5 Qe7 13. Ndf3 Ng4 14. Qh5+ Kd8
15. Qf7 Qxf7 16. Nxf7+ Ke7 17. Nxd6 Kxd6 18. Bxe4 dxe4 19. Ng5 h6 20. Nf7+ Ke7
21. Ne5 Nxe5 22. dxe5 h5 23. Bd2 b6 24. Be1 Ba6 25. Bh4+ Kd7 26. Rfd1+ Kc7 27.
b3 Rg7 28. Rd6 Rag8 29. g3 Bc8 30. Rad1 Rd7 31. Kf2 Rxd6 32. Rxd6 Bd7 33. c4 c5
1/2-1/2

[Event "II. CLANSKA LIGA ZAHOD 2023"]
[Site "Komenda"]
[Date "2023.11.18"]
[Round "3.3"]
[White "Trpin, Alenka"]
[Black "Zlindra, Aljaz"]
[Result "0-1"]
[WhiteElo "1716"]
[BlackElo "1376"]
[PlyCount "64"]
[EventDate "2023.11.18"]
[WhiteTeam "SK KOMENDA"]
[BlackTeam "SD VRHNIKA"]

1. d4 Nf6 2. c4 e6 3. a3 d5 4. Nc3 a6 5. h3 dxc4 6. e4 b5 7. Bg5 h6 8. Bh4 Be7
9. Nf3 Bb7 10. Bxf6 Bxf6 11. e5 Be7 12. Be2 O-O 13. O-O Nd7 14. Nh2 c5 15. Bf3
Bxf3 16. Nxf3 cxd4 17. Qxd4 Qc7 18. Rad1 Nc5 19. Ne2 Rfd8 20. Qc3 Rd7 21. Rxd7
Qxd7 22. Nfd4 Nd3 23. f4 Bc5 24. Kh2 Bxd4 25. Nxd4 Rd8 26. Ne2 Nc5 27. Qb4 Qd2
28. Qxc5 Qxe2 29. Rf2 Qe1 30. f5 Rd5 31. Qc8+ Kh7 32. fxe6 Qxf2 0-1

[Event "II. CLANSKA LIGA ZAHOD 2023"]
[Site "Komenda"]
[Date "2023.11.18"]
[Round "3.4"]
[White "Sever, Gasper"]
[Black "Zagar, Katarina"]
[Result "1-0"]
[WhiteElo "1406"]
[BlackElo "1157"]
[PlyCount "89"]
[EventDate "2023.11.18"]
[WhiteTeam "SD VRHNIKA"]
[BlackTeam "SK KOMENDA"]

1. e4 e5 2. Nf3 Nc6 3. Bb5 a6 4. Ba4 Nf6 5. O-O b5 6. Bb3 Bb7 7. a4 b4 8. c3
bxc3 9. bxc3 Be7 10. Re1 d6 11. d4 exd4 12. cxd4 Nd7 13. Bb2 O-O 14. Nbd2 a5
15. Nf1 Nb4 16. Ng3 Re8 17. d5 Ba6 18. Re3 Bf6 19. Bxf6 Nxf6 20. Nd4 g6 21. Rc1
Qd7 22. h3 Re7 23. Rec3 Rc8 24. f3 h5 25. h4 Qd8 26. Qd2 Nd7 27. Qg5 Re8 28.
Qxd8 Rexd8 29. Nf1 Bxf1 30. Kxf1 Nc5 31. Ke2 Kg7 32. Nc2 Nxc2 33. R1xc2 Re8 34.
Re3 Re7 35. Bc4 Rb8 36. Bb5 Kf6 37. Rc4 g5 38. hxg5+ Kxg5 39. Kf2 h4 40. e5 Nb7
41. Rg4+ Kh5 42. Ree4 Rxe5 43. Rxh4+ Kg6 44. Ref4 Rf5 45. Bd3 1-0

[Event "II. CLANSKA LIGA ZAHOD 2023"]
[Site "Komenda"]
[Date "2023.11.18"]
[Round "3.5"]
[White "Perme, Lojze"]
[Black "Kobal, Peter"]
[Result "0-1"]
[WhiteElo "1053"]
[BlackElo "2047"]
[PlyCount "74"]
[EventDate "2023.11.18"]
[WhiteTeam "SK KOMENDA"]
[BlackTeam "SD VRHNIKA"]

1. e4 c5 2. Nf3 d6 3. d4 cxd4 4. Nxd4 Nf6 5. Nc3 g6 6. f3 Bg7 7. Bc4 Nc6 8. O-O
Nxd4 9. Qxd4 O-O 10. Qd3 Bd7 11. Be3 Bc6 12. Rad1 Qa5 13. a3 a6 14. Bd2 Qc7 15.
b4 b5 16. Bb3 Rac8 17. Rfe1 Nd7 18. Re3 Ne5 19. Qe2 Bb7 20. Rc1 e6 21. Be1 Nc4
22. Bxc4 Qxc4 23. Qxc4 Rxc4 24. Rd3 Rfc8 25. Nb1 Rxc2 26. Rxc2 Rxc2 27. Rxd6
Rc1 28. Kf2 Rxb1 29. Rd7 Bc6 30. Rc7 Bd4+ 31. Ke2 Be8 32. Rc8 Kf8 33. Ra8 Rb2+
34. Kf1 Rb3 35. Rxa6 Ke7 36. a4 bxa4 37. Rxa4 Bb5# 0-1

[Event "II. CLANSKA LIGA ZAHOD 2023"]
[Site "Komenda"]
[Date "2023.11.18"]
[Round "3.1"]
[White "Jovanovic, Zoran"]
[Black "Jukan, Nesib"]
[Result "1-0"]
[WhiteElo "2506"]
[BlackElo "1949"]
[PlyCount "87"]
[EventDate "2023.11.18"]
[WhiteTeam "SD POSOCJE"]
[BlackTeam "SK TRZIN"]

1. e4 e5 2. Nf3 Nf6 3. Nxe5 d6 4. Nf3 Nxe4 5. c4 Be7 6. d4 d5 7. Nc3 Nxc3 8.
bxc3 O-O 9. Bd3 Be6 10. cxd5 Bxd5 11. O-O c5 12. c4 Bxf3 13. Qxf3 Nc6 14. d5
Ne5 15. Qh3 Nxd3 16. Qxd3 Bd6 17. Bb2 Qg5 18. Rae1 Rfe8 19. g3 h5 20. h4 Qg4
21. Kg2 Rad8 22. a4 f5 23. Qf3 Qg6 24. Re6 Rxe6 25. dxe6 Qxe6 26. Qxb7 Qf7 27.
Qf3 Rb8 28. Ba1 f4 29. Rd1 Rb6 30. Rd5 fxg3 31. Qxf7+ Kxf7 32. fxg3 g6 33. a5
Rc6 34. Be5 Be7 35. Rd7 a6 36. Ra7 Ke6 37. Bc7 Bf6 38. Kf3 Be5 39. Bb6 Bc3 40.
Ke4 Be1 41. Rxa6 Bxa5 42. Rxa5 Rxb6 43. Rxc5 Rb3 44. Rg5 1-0

[Event "II. CLANSKA LIGA ZAHOD 2023"]
[Site "Komenda"]
[Date "2023.11.18"]
[Round "3.2"]
[White "Krupenko, Peter"]
[Black "Srebrnic, Marko"]
[Result "0-1"]
[WhiteElo "2023"]
[BlackElo "2366"]
[PlyCount "84"]
[EventDate "2023.11.18"]
[WhiteTeam "SK TRZIN"]
[BlackTeam "SD POSOCJE"]

1. c4 e5 2. g3 h5 3. h4 Bc5 4. Nf3 Nc6 5. Nc3 d6 6. d3 a6 7. Bg2 Bg4 8. a3 Qd7
9. O-O Nge7 10. Nd5 Nxd5 11. cxd5 Ne7 12. e4 c6 13. dxc6 Nxc6 14. Be3 Nd4 15.
Bxd4 Bxd4 16. Qd2 Ba7 17. Ne1 O-O-O 18. Nc2 Kb8 19. Ne3 Be6 20. Nd5 f6 21. Rac1
Rc8 22. Kh2 Rxc1 23. Rxc1 Rc8 24. Rc2 Bd4 25. Bf3 Bxd5 26. exd5 g6 27. Bg2 Rxc2
28. Qxc2 g5 29. Bh3 g4 30. Bg2 f5 31. a4 Qd8 32. b3 Qa5 33. Bf1 f4 34. gxf4
exf4 35. Qc4 Be5 36. d4 Bf6 37. Qc1 Bxd4 38. Kg1 f3 39. Qf4 Qc5 40. Qd2 g3 41.
b4 Bxf2+ 42. Kh1 Qd4 0-1

[Event "II. CLANSKA LIGA ZAHOD 2023"]
[Site "Komenda"]
[Date "2023.11.18"]
[Round "3.3"]
[White "Biti, Ozren"]
[Black "Krumpak, Hinko"]
[Result "1-0"]
[WhiteElo "2305"]
[BlackElo "2008"]
[PlyCount "103"]
[EventDate "2023.11.18"]
[WhiteTeam "SD POSOCJE"]
[BlackTeam "SK TRZIN"]

1. e4 d5 2. exd5 Qxd5 3. Nf3 Nf6 4. d4 c6 5. c4 Qa5+ 6. Nc3 Bg4 7. Be2 e6 8. h3
Bh5 9. O-O Nbd7 10. Be3 Bd6 11. a3 Qc7 12. d5 O-O 13. dxe6 fxe6 14. Ng5 Bxe2
15. Qxe2 Rfe8 16. Rad1 Bh2+ 17. Kh1 Bf4 18. Bxf4 Qxf4 19. Nge4 Nxe4 20. Nxe4
Nf6 21. Nd6 Re7 22. g3 Qh6 23. Kg2 Qh5 24. Qxh5 Nxh5 25. Rfe1 g6 26. Ne4 h6 27.
Rd6 Kf7 28. Re3 Rf8 29. Nc5 Rfe8 30. Rb3 b6 31. Rf3+ Kg7 32. Ne4 Rf8 33. Rxf8
Kxf8 34. Rxc6 Kf7 35. b3 Rd7 36. Rd6 Ke7 37. Rxd7+ Kxd7 38. Kf3 Ke7 39. g4 Ng7
40. Kf4 a5 41. Ke5 Ne8 42. f4 Nc7 43. Nd6 Kd7 44. Nf7 Na6 45. Kd4 h5 46. Ne5+
Kd6 47. Nxg6 hxg4 48. hxg4 Nc5 49. b4 axb4 50. axb4 Nb3+ 51. Ke3 Nc1 52. Ne5
1-0

[Event "II. CLANSKA LIGA ZAHOD 2023"]
[Site "Komenda"]
[Date "2023.11.18"]
[Round "3.4"]
[White "Leben, Dusan"]
[Black "Beletic, Danijel"]
[Result "0-1"]
[WhiteElo "1804"]
[BlackElo "2243"]
[PlyCount "76"]
[EventDate "2023.11.18"]
[WhiteTeam "SK TRZIN"]
[BlackTeam "SD POSOCJE"]

1. e4 c5 2. Nf3 d6 3. d3 g6 4. g3 Bg7 5. Bg2 Nc6 6. Nc3 e5 7. O-O Nge7 8. Nd5
Nxd5 9. exd5 Ne7 10. c4 O-O 11. Rb1 Bd7 12. b4 cxb4 13. Rxb4 b5 14. Nd2 Rb8 15.
Ne4 Nc8 16. Kh1 h6 17. f4 f5 18. Nf2 exf4 19. Bxf4 g5 20. Bd2 Ne7 21. Qe1 a5
22. Rb1 b4 23. Nd1 Ng6 24. Nb2 Qf6 25. Qc1 Rbe8 26. Qc2 Qd4 27. Nd1 f4 28. Be4
fxg3 29. Rxf8+ Rxf8 30. Be3 Qf6 31. Qg2 Nh4 32. Qxg3 Qf1+ 33. Qg1 Bf5 34. Nf2
Bxe4+ 35. dxe4 Qe2 36. Qg3 Rf3 37. Qxd6 Rxf2 38. Bxf2 Qf3+ 0-1

[Event "II. CLANSKA LIGA ZAHOD 2023"]
[Site "Komenda"]
[Date "2023.11.18"]
[Round "3.5"]
[White "Hozjan, Erik"]
[Black "Borstnik, Ales"]
[Result "1-0"]
[WhiteElo "1899"]
[BlackElo "1799"]
[PlyCount "51"]
[EventDate "2023.11.18"]
[WhiteTeam "SD POSOCJE"]
[BlackTeam "SK TRZIN"]

1. e4 c5 2. Nc3 d6 3. Bc4 Nf6 4. d3 g6 5. Nge2 Bg7 6. Ng3 a6 7. a4 Nc6 8. O-O
O-O 9. f4 e6 10. f5 exf5 11. exf5 d5 12. Ba2 Nb4 13. Bb3 c4 14. dxc4 dxc4 15.
Qxd8 Rxd8 16. Bxc4 Nxc2 17. fxg6 Nxa1 18. gxf7+ Kh8 19. Bg5 Rf8 20. Rxf6 h6 21.
Rxh6+ Bxh6 22. Bxh6 Bd7 23. Nce4 b5 24. Bd5 Rad8 25. Nf6 Bc8 26. Ngh5 1-0

[Event "II. CLANSKA LIGA ZAHOD 2023"]
[Site "Komenda"]
[Date "2023.11.18"]
[Round "3.6"]
[White "Bajec, Borut"]
[Black "Rutar, Ales"]
[Result "0-1"]
[WhiteElo "1714"]
[BlackElo "1350"]
[PlyCount "102"]
[EventDate "2023.11.18"]
[WhiteTeam "SK TRZIN"]
[BlackTeam "SD POSOCJE"]

1. d4 e6 2. Nf3 Nf6 3. c4 c5 4. d5 exd5 5. cxd5 d6 6. Nc3 Bf5 7. e4 Bg4 8. Bb5+
Nbd7 9. O-O a6 10. Be2 Be7 11. Ng5 Bxe2 12. Qxe2 h6 13. Nf3 O-O 14. Bf4 Re8 15.
Qd3 Nh5 16. Bd2 Bf6 17. a4 Ne5 18. Nxe5 Bxe5 19. f4 Bd4+ 20. Kh1 Nf6 21. Rae1
Qb6 22. b4 Ng4 23. Qf3 cxb4 24. Qxg4 bxc3 25. Bc1 Qb4 26. f5 Kf8 27. f6 Bxf6
28. Bxh6 Qd4 29. Qf5 Qe5 30. Qxf6 Qxf6 31. Rxf6 gxh6 32. Rxd6 c2 33. Rf6 Rxe4
34. Rc1 Rc8 35. h3 Kg7 36. Rf2 Rxa4 37. Rcxc2 Rxc2 38. Rxc2 Rd4 39. Rc7 b5 40.
Ra7 Rxd5 41. Rxa6 Rd1+ 42. Kh2 b4 43. Rb6 Rb1 44. Kg3 f6 45. Kg4 Kg6 46. g3 b3
47. h4 h5+ 48. Kh3 b2 49. Kg2 Kf5 50. Rb4 Ke5 51. Kf2 Rh1 0-1